| 000 | 00483nam a2200169 i 4500 | ||
|---|---|---|---|
| 001 | 76065 | ||
| 003 | ES-MaACL | ||
| 005 | 20230906172716.0 | ||
| 007 | t| | ||
| 008 | 040929s1904 fr ||||1| fre d | ||
| 100 | 1 |
_aGreef, Guillaume de. _959827 |
|
| 245 | 1 | 3 |
_aLa sociologie economique / _cpar Guillaume de Greef. |
| 260 |
_aParis : _b[s.n., _c1904] ( _eChartres : _fDurand) |
||
| 300 |
_a250 p. ; _c22 cm. |
||
| 650 |
_aSociología económica. _917213 |
||
| 852 |
_aES-MaACL _jB-6563 |
||
| 999 |
_c76065 _d76065 |
||